000 00692nam a22002297a 4500
005 20170124105957.0
010 _a690693
020 _c00.00
035 _a690693
037 _bCen Lib/Ret
040 _aDPL
_bEN
082 _a040
_bWRI
245 _aWritings and speeches of Sir Syed Ahmad Khan /
_ccompiled and edited by Shan Mohammad
260 _aBombay
_bNachiketa Publications
_c1972
270 _a5 Kasturi Buildings, J. Tata Road
_bBombay
300 _axii,272p.
_c21cm(Hb)
500 _aIncludes index
650 _aPolitical science
_987284
650 _aIslam and politics
_987285
700 _aMohammad, Shan
_914851
942 _2ddc
_cEN
_h040
_mWRI
999 _c125587
_d125587